G&A Gorrara Ltd v Kenilworth Court Block E RTM Co Ltd (Record no. 121901)
[ view plain ]
| 000 -LEADER | |
|---|---|
| fixed length control field | 01447nab a22002535a 4500 |
| 005 - DATE AND TIME OF LATEST TRANSACTION | |
| control field | 20240415115144.0 |
| 007 - PHYSICAL DESCRIPTION FIXED FIELD--GENERAL INFORMATION | |
| fixed length control field | cu || ||||n |
| 008 - FIXED-LENGTH DATA ELEMENTS--GENERAL INFORMATION | |
| fixed length control field | 240415t2024 xxk f | o000 0 eng | |
| 041 0# - LANGUAGE CODE | |
| Language code of text/sound track or separate title | eng |
| 245 00 - TITLE STATEMENT | |
| Title | G&A Gorrara Ltd v Kenilworth Court Block E RTM Co Ltd |
| Medium | [electronic resource] |
| 260 ## - PUBLICATION, DISTRIBUTION, ETC. | |
| Place of publication, distribution, etc. | [2024] UKUT 81 (LC), |
| Name of publisher, distributor, etc. | Upper Tribunal (Lands Chamber), |
| Date of publication, distribution, etc. | 8 April 2024 |
| 520 ## - SUMMARY, ETC. | |
| Summary, etc. | [2024] UKUT 81 (LC), 8 April 2024. The tribunal considered the meaning of the Landlord and Tenant Act 1985 s.27A(5) and the regulation of variable service charges, looking in particular at the phrase "only of having made any payment". The word "only" meant absent any other circumstances; and "any payment" did not mean any single payment or any one payment. The case also dealt with the provisions in the Commonhold and Leasehold Reform Act 2002 which give certain long leaseholders of flats the right to take over the management of their block from their landlord through a limited company known as an RTM company. |
| 650 0# - SUBJECT ADDED ENTRY--TOPICAL TERM | |
| Topical term or geographic name entry element | COMMONHOLD AND LEASEHOLD REFORM ACT 2002 |
| 650 0# - SUBJECT ADDED ENTRY--TOPICAL TERM | |
| Topical term or geographic name entry element | ESTOPPEL |
| 650 0# - SUBJECT ADDED ENTRY--TOPICAL TERM | |
| Topical term or geographic name entry element | LANDLORD AND TENANT |
| 650 0# - SUBJECT ADDED ENTRY--TOPICAL TERM | |
| Topical term or geographic name entry element | LANDLORD AND TENANT ACT 1985 |
| 650 0# - SUBJECT ADDED ENTRY--TOPICAL TERM | |
| Topical term or geographic name entry element | RESIDENTIAL PROPERTY |
| 650 0# - SUBJECT ADDED ENTRY--TOPICAL TERM | |
| Topical term or geographic name entry element | RIGHT TO MANAGE |
| 650 0# - SUBJECT ADDED ENTRY--TOPICAL TERM | |
| Topical term or geographic name entry element | SERVICE CHARGES |
| 651 #4 - SUBJECT ADDED ENTRY--GEOGRAPHIC NAME | |
| Geographic name | United Kingdom |
| 690 ## - LOCAL SUBJECT ADDED ENTRY--TOPICAL TERM (OCLC, RLIN) | |
| Topical term or geographic name as entry element | Landlord and tenant |
| 9 (RLIN) | 6252 |
| 856 40 - ELECTRONIC LOCATION AND ACCESS | |
| Uniform Resource Identifier | <a href="https://www.bailii.org/uk/cases/UKUT/LC/2024/81.html">https://www.bailii.org/uk/cases/UKUT/LC/2024/81.html</a> |
| Public note | Available on BAILII |
| 942 ## - ADDED ENTRY ELEMENTS (KOHA) | |
| Suppress in OPAC | 0 |
| Source of classification or shelving scheme | Dewey Decimal Classification |
| Withdrawn status | Lost status | Damaged status | Not for loan | Home library | Current library | Shelving location | Date acquired | Total Checkouts | Full call number | Date last seen | Price effective from | Koha item type |
|---|---|---|---|---|---|---|---|---|---|---|---|---|
| London | Virtual | Online | 15/04/2024 | ONLINE JUDGMENT | 15/04/2024 | 15/04/2024 | Law report |